[Event "Treviso op-D 1st"]
[Site "Treviso"]
[Date "2017.03.19"]
[Round "4.11"]
[White "Gomirato, Anna"]
[Black "Pironi, Marco"]
[Result "0-1"]
[WhiteElo "1194"]
[BlackElo "1422"]
[PlyCount "98"]
[EventDate "2017.03.17"]
[EventType "swiss"]
[EventRounds "5"]
[EventCountry "ITA"]
[SourceTitle "EXT 2024"]
[Source "ChessBase"]
[SourceDate "2023.10.10"]
[SourceVersion "1"]
[SourceVersionDate "2023.10.10"]
[SourceQuality "1"]

1. e4 c6 2. d4 d5 3. e5 Bf5 4. Nc3 e6 5. Nf3 Ne7 6. Bg5 Nd7 7. h3 h6 8. Bh4 a6 9. Ne2 c5 10. c3 Qb6 11. Qd2 Nc6 12. a3 Na5 13. Nc1 Nc4 14. Bxc4 dxc4 15. 0-0 Be7 16. Bxe7 Kxe7 17. Rd1 Rhd8 18. Nh4 g5 19. Nxf5+ exf5 20. Rb1 Nxe5 21. Qe2 Qe6 22. dxe5 Rxd1+ 23. Qxd1 Qxe5 24. Ne2 f4 25. Qe1 Kf6 26. Rd1 Re8 27. Kf1 f3 28. gxf3 Qh2 29. Qd2 Qxh3+ 30. Kg1 Qxf3 31. Re1 Qd3 32. Qxd3 cxd3 33. Kf1 Rxe2 34. Rxe2 dxe2+ 35. Kxe2 g4 36. Kf1 b5 37. Kg2 Kg5 38. Kg3 h5 39. b4 h4+ 40. Kg2 cxb4 41. cxb4 Kf4 42. Kg1 f5 43. Kh2 g3+ 44. Kg2 h3+ 45. Kxh3 gxf2 46. Kg2 Ke3 47. Kf1 f4 48. Kg2 Ke2 49. Kh2 f3 0-1